000 00637nam a22002177a 4500
005 20150324101519.0
008 140714b xxu||||| |||| 00| 0 Urdu d
010 _aUR-8773
020 q _c300.00
035 _aU-7328
037 _bDBAD/Pub.
040 _aDPL
_bUrdu
082 _a841
100 _aشو ق ما ہر ی
245 _aفيضا ن بتکد ہ
_bشو ق ما ہر ی
246 _aFaizan-e- Butkada
_bDrShoukh Mahiri
260 _aKhandwa (M.P.)
_bAzad Akhtar Ibn-e-Shouque Mahiri
_c2013
270 _aZainab Manzil,Moghat Road
300 _a218ص
_b22C.m.(PB)
942 _2ddc
_cUR
_h841
_mش و ق
999 _c92417
_d92417